000 00961nam0a22002771 4500
001 rc\3806538
005 20120329111639.3
021 _aRU
_b[75-83400]
035 _a(NLR Aleph) 007258464
090 _a5281490
_c5281490
100 _a20120329d1975 |||y0rusy50 ca
101 0 _arus
102 _aRU
105 _ay z |||a|
200 1 _aКостер из солнечных лучей
_e[Стихи и поэмы
_eПеревод]
_fМихаил Цирихов
210 _aОрджоникидзе
_cИр
_d1975
215 _a111 с.
_d14
327 1 _aСодерж.: Стихи; Отцовское поле; Ущелье слез: Поэмы
464 0 _12000#$eСтихи
464 0 _12001#$aОтцовское поле$aУщелье слез$eПоэмы
700 1 _aЦирихов
_bМ. Т.
_gМихаил Тасолтанович
801 0 _aRU
_bNLR
_gpsbo
801 1 _aRU
_bELAR
_2rusmarc
852 _aNLR
_j76-1/10
942 _cBOOK
980 _aNB